Statistics for Countries Bigger Than All of Their Neighbours Together

Click here to take the quiz!

General Stats

  • This quiz has been taken 267 times
  • The average score is 6 of 7

Answer Stats

Neighbours AreaCountry AreaBordersCountry% Correct
8,184,1488.514.877Argentina (2,780,400), Bolivia (1,098,581), Colombia (1,141748), Guyana (214,970), Paraguay (406,752), Peru (1,285,216), Suriname (163,821), Uruguay (176,215)Brazil
97%
16,229,40317,075,200Azerbaijan (86,600), Belarus (207,595), China (9,640,821), Estonia (45,339), Finland (338,424), Georgia (69,700), Kazakhstan (2,724,900), Latvia (64,589), Lithuania (65,300), Mongolia (1,564,110), North Korea (120,540), Norway (385,178), Poland (312,679), Ukraine (603,628)Russia
97%
9,526,4689,984,670United States (9,526,468)Canada
94%
809,0531,904,569East Timor (15,410), Malaysia (330,803), Papua New Guinea (462,840)Indonesia
90%
70,273242,495Ireland (70,273)United Kingdom
85%
27,75048,442Haiti (27,750)Dominican Republic
84%
1,452,8052,149,690Iraq (437,072), Jordan (89,341), Kuwait (17,820), Oman (309,500), Qatar (11,581), UAE (83,600), Yemen (503,891)Saudi Arabia
76%

Score Distribution

Percentile by Number Answered

Percent of People with Each Score

Your Score History

You have not taken this quiz